| 000 | 01916nam0a2200349 4500 | ||
|---|---|---|---|
| 001 | RU\NLR\bibl\1443841 | ||
| 005 | 20260407114136.0 | ||
| 021 |
_aRU _b2009-81047 _95084 |
||
| 035 | _a(nilc)RSL-KNO-004394791 | ||
| 035 | _a(NLR Aleph) 001435687 | ||
| 090 |
_a1430835 _c1430835 |
||
| 100 | _a20091012d2009 |||y0rusy50 ca | ||
| 101 | 0 | _arus | |
| 102 | _aRU | ||
| 105 | _aa ||||||||| | ||
| 200 | 1 |
_aЭкономическая теория преступности _eхрестоматия для дистанционного обучения и самостоятельной работы студентов по специальности 080105. 65 - Финансы и кредит _fФедеральное агентство по образованию, Федеральное гос. образовательное учреждение высш. проф. образования "Сибирская акад. гос. службы" _gсост.: Н. С. Епифанова |
|
| 210 |
_aНовосибирск _cИзд-во СибАГС _d2009 |
||
| 215 |
_a85, [1] с. _cил., табл. _d29 |
||
| 320 | _aБиблиогр. в конце ст. | ||
| 606 | 1 |
_aПреступность _jХрестоматии для высших учебных заведений _xЭкономические основы _92566594 _3RU\NLR\auth\661517948 |
|
| 686 |
_aХ883.41я73-3 _2rubbk |
||
| 686 | _aХ628.31я73-3 | ||
| 686 | _aХ883я73-3 | ||
| 702 | 1 |
_4220 _aЕпифанова _bН. С. _cканд. экон. наук _gНаталья Сергеевна _9212825 _3RU\NLR\AUTH\770212881 |
|
| 712 | 0 | 2 |
_4570 _aСибирская академия государственной службы _cНовосибирск _9388318 _3RU\NLR\AUTH\889946362 |
| 801 | 0 |
_aRU _bРКП _c20091012 _grcr |
|
| 801 | 1 |
_aRU _bРГБ _c20091012 |
|
| 801 | 2 |
_aRU _bNLR _c20091125 _grcr |
|
| 942 | _cBOOK | ||
| 980 | _aNB | ||